Las indias caciques de Corpus Christi (Record no. 7538)

MARC details
000 -CABECERA
campo de control de longitud fija 00784nam a2200241 a 4500
001 - NÚMERO DE CONTROL
campo de control BRCA_7864
005 - FECHA Y HORA DE LA ÚLTIMA TRANSACCIÓN
campo de control 20190320210029.0
008 - DATOS DE LONGITUD FIJA--INFORMACIÓN GENERAL
campo de control de longitud fija 191113s1963----mx-ac#####---#000-0#spa-#
041 ## - CÓDIGO DE LENGUA
Código de lengua del texto/banda sonora o título independiente spa
044 ## - CÓDIGO DEL PAÍS DE LA ENTIDAD EDITORA/PRODUCTORA
Código MARC del país mx
050 #4 - SIGNATURA TOPOGRÁFICA DE LA BIBLIOTECA DEL CONGRESO
Número de clasificación BX2532
Número de documento/Ítem .M87 1963
100 1# - ENTRADA PRINCIPAL--NOMBRE DE PERSONA
Nombre de persona Muriel, Josefina
9 (RLIN) 834
245 10 - MENCIÓN DE TÍTULO
Título Las indias caciques de Corpus Christi
Mención de responsabilidad, etc. por Josefina Muriel.
260 ## - PUBLICACIÓN, DISTRIBUCIÓN, ETC.
Lugar de publicación, distribución, etc. México
Nombre del editor, distribuidor, etc. UNAM, Instituto de Historia
Fecha de publicación, distribución, etc. 1963
300 ## - DESCRIPCIÓN FÍSICA
Extensión 401 p.
Otras características físicas il., retratos
Dimensiones 23 cm.
440 #0 - MENCIÓN DE SERIE/PUNTO DE ACCESO ADICIONAL--TÍTULO
Título UNAM, Instituto de Historia
Nombre de parte o sección de la obra Serie histórica
Designación de volumen o secuencia 6
9 (RLIN) 19460
500 ## - NOTA GENERAL
Nota general Y96
500 ## - NOTA GENERAL
Nota general Dedicatoria de la autora al Sr. Franz Mayer
610 24 - PUNTO DE ACCESO ADICIONAL DE MATERIA--NOMBRE DE ENTIDAD CORPORATIVA
Nombre de entidad corporativa o nombre de jurisdicción como elemento de entrada Corpus Cristi de Indias Caciques (Convento), México (Ciudad)
9 (RLIN) 19461
650 14 - PUNTO DE ACCESO ADICIONAL DE MATERIA--TÉRMINO DE MATERIA
Término de materia o nombre geográfico como elemento de entrada Conventos y monasterios
Subdivisión geográfica México
9 (RLIN) 9892
902 ## - CATALOGADOR
Iniciales GFM
942 ## - ELEMENTOS DE PUNTO DE ACCESO ADICIONAL (KOHA)
Fuente del sistema de clasificación o colocación Library of Congress Classification
Tipo de ítem Koha Libros
Holdings
Estado de retiro Estado de pérdida Estado dañado No para préstamo Localización permanente Ubicación/localización actual Fecha de adquisición Número de inventario Total de préstamos Signatura topográfica completa Código de barras Fecha visto por última vez Precio válido a partir de Tipo de ítem Koha
El ejemplar forma parte de la colección y puede ser consultado según las políticas vigentes.       Biblioteca del Museo Franz Mayer (Rogerio Casas-Alatriste) Biblioteca del Museo Franz Mayer (Rogerio Casas-Alatriste) 14/11/2013 Y96   BX2532 .M87 1963 (Y96) 8475 22/03/2019 22/03/2019 Libros